000 00665cam a2200253 4500
008 090401t1996 xxu||||| |||| 00| 0 eng d
020 _a0752002740
035 _a(Sirsi) u70929
041 _aeng
050 _a346.41078
100 _aFrieze, Steven A
245 _aHandbook of bankruptcy and personal insolvency.
250 _a6th ed.
260 _aLondon
_bFT Law & Tax
_c1996
300 _axxvii,261p. ; 24cm.
350 _a55
490 _aFT Law and Tax Practitioner Series
650 _aBANKRUPTCY
650 _aDEBT
650 _aInsolvency
_96247
690 _aPROPERTY-PROPERTY FINANCE AND INVESTMENT
942 _n0
948 _c04/03/1997
999 _c95363
_d95363